| 000 -ლიდერი |
| ფიქსირებული სიგრძის საკონტროლო ველი |
01015nam a22001937a 4500 |
| 003 - საკონტროლო ნომრის იდენტიფიკატორი |
| საკონტროლო ველი |
Ge_BSU |
| 005 - ბოლო ოპერაციის თარიღი და დრო |
| საკონტროლო ველი |
20230713105835.0 |
| 008 - ფიქსირებული სიგრძის მონაცემთა ელემენტები - ზოგადი ინფორმაცია |
| ფიქსირებული სიგრძის საკონტროლო ველი |
230713s2016ge xxu||||| |||| 00| 0 geo d |
| 041 ## - ენის კოდი |
| Language code of text/sound track or separate title |
geo |
| 080 ## - უნივერსალური ათობითი კლასიფიკაციის ინდექსი |
| Universal Decimal Classification number |
81(479.22)(092) ა-76 |
| 100 ## - მთავარი ჩანაწერი - პიროვნების სახელი |
| Personal name |
არაბული, ავთანდილ. |
| 9 (RLIN) |
19293 |
| 245 ## - ცნობა სათაურის შესახებ |
| Title |
აკადემიკოსი მზექალა შანიძე : |
| Remainder of title |
[ცხოვრება და მოღვაწეობა] / |
| Statement of responsibility, etc |
ავთანდილ არაბული. |
| 264 ## - წარმოების, გამოცემის, დისტრიბუციის და სხვა ცნობები |
| გამოცემის, წარმოების, დისტრიბუციის... ადგილი |
თბილისი: |
| გამოცემის, წარმოების, დისტრიბუციის... სახელწოდება |
მეცნ. ეროვნ. აკადემიის სტამბა) |
| გამოცემის, წარმოების, დისტრიბუციის... თარიღი |
2016. |
| 300 ## - ფიზიკური აღწერა |
| Extent |
40 გვ. : |
| Other physical details |
ფოტ. ; |
| Dimensions |
20 სმ. |
| 500 ## - ზოგადი შენიშვნა |
| General note |
ყდაზე ავტ. მითითებული არ არის. |
| 653 ## - INDEX TERM--UNCONTROLLED |
| Uncontrolled term |
შანიძე, მზექალა. ქართველი ენათმეცნიერები |
| 700 ## - ADDED ENTRY--PERSONAL NAME |
| Personal name |
საქ. მეცნ. ეროვნ. აკადემია. |
| 9 (RLIN) |
19294 |
| 942 ## - ADDED ENTRY ELEMENTS (KOHA) |
| Source of classification or shelving scheme |
|
| Koha item type |
წიგნი |